|
|
|
|
| LEADER |
00000nab a2200000 a 4500 |
| 001 |
vtls001020809 |
| 003 |
SK-MaSNL |
| 005 |
20260303035259.0 |
| 008 |
040720e20031007xo 0 slo |
| 035 |
|
|
|a SN6710
|
| 040 |
|
|
|a SNSK
|b slo
|c SNSK
|e AACR2
|
| 041 |
0 |
|
|a slo
|
| 044 |
|
|
|a xo
|c SK
|
| 080 |
|
|
|a 788
|2 1981
|
| 080 |
|
|
|a 929
|2 1981
|
| 100 |
1 |
|
|a Karasová, Erika,
|d 1973-
|4 aut
|9 89869
|
| 245 |
1 |
0 |
|a Helcmanovský starosta si už ako malý chlapec našiel svoju celoživotnú lásku
|
| 300 |
|
|
|b 2 foto
|
| 600 |
1 |
7 |
|a Theis, Tibor
|2 SNSK
|9 1021834
|
| 650 |
0 |
7 |
|a dychová hudba
|2 SNSK
|9 3426
|
| 651 |
|
7 |
|a Helcmanovce (Slovensko)
|2 SNSK
|9 51832
|
| 773 |
0 |
8 |
|t Spišský denník
|g Roč. 5, č.230, 7.10.2003
|x 1335-759X
|
| 852 |
|
|
|a ZVYKNI
|b KIS3GCP
|
| 999 |
|
|
|c 1676839
|d 1678769
|